|
LDR
| 01942nam a22004575i 4500 |
|---|
| 001 | 13175 |
|---|
| 003 | CONS |
|---|
| 005 | 20131218210752.0 |
|---|
| 007 | cr nn 008mamaa |
|---|
| 008 | 100301s2007 ne | s |||| 0|eng d |
|---|
| 020 | | . |
‡a9781402061370
‡9978-1-4020-6137-0 |
|---|
| 024 | 7 | . |
‡a10.1007/978-1-4020-6137-0
‡2doi |
|---|
| 035 | | . |
‡a(DE-He213)978-1-4020-6137-0 |
|---|
| 100 | 1 | . |
‡aFlatté, Michael E.
‡eeditor. |
|---|
| 245 | 1 | 0. |
‡aManipulating Quantum Coherence in Solid State Systems
‡h[electronic resource] /
‡cedited by Michael E. Flatté, I. Ţifrea. |
|---|
| 246 | 3 | . |
‡aProceedings of the NATO Advanced Study Institute on Manipulating Quantum Coherence in Solid State Systems, Cluj-Napoca, Romania, 29 August - 8 September 2005. |
|---|
| 264 | | 1. |
‡aDordrecht :
‡bSpringer Netherlands,
‡c2007. |
|---|
| 300 | | . |
‡bonline resource. |
|---|
| 336 | | . |
‡atext
‡btxt
‡2rdacontent |
|---|
| 337 | | . |
‡acomputer
‡bc
‡2rdamedia |
|---|
| 338 | | . |
‡aonline resource
‡bcr
‡2rdacarrier |
|---|
| 347 | | . |
‡atext file
‡bPDF
‡2rda |
|---|
| 490 | 1 | . |
‡aNATO Science Series II: Mathematics, Physics and Chemistry,
‡x1568-2609 ;
‡v244 |
|---|
| 650 | | 0. |
‡aPhysics. |
|---|
| 650 | | 0. |
‡aQuantum computing. |
|---|
| 650 | | 0. |
‡aCondensed matter. |
|---|
| 650 | | 0. |
‡aParticles (Nuclear physics). |
|---|
| 650 | | 0. |
‡aSuperconductivity. |
|---|
| 650 | | 0. |
‡aQuantum optics. |
|---|
| 650 | 1 | 4. |
‡aPhysics. |
|---|
| 650 | 2 | 4. |
‡aQuantum Computing, Information and Physics. |
|---|
| 650 | 2 | 4. |
‡aCondensed Matter. |
|---|
| 650 | 2 | 4. |
‡aSolid State Physics and Spectroscopy. |
|---|
| 650 | 2 | 4. |
‡aSuperconductivity, Superfluidity, Quantum Fluids. |
|---|
| 650 | 2 | 4. |
‡aQuantum Optics, Quantum Electronics, Nonlinear Optics. |
|---|
| 700 | 1 | . |
‡aŢifrea, I.
‡eeditor. |
|---|
| 710 | 2 | . |
‡aSpringerLink (Online service) |
|---|
| 773 | 0 | . |
‡tSpringer eBooks |
|---|
| 776 | 0 | 8. |
‡iPrinted edition:
‡z9781402061356 |
|---|
| 830 | | 0. |
‡aNATO Science Series II: Mathematics, Physics and Chemistry,
‡x1568-2609 ;
‡v244 |
|---|
| 856 | 4 | 0. |
‡uhttp://biblioteca.ipicyt.edu.mx:2048/login?url=http://dx.doi.org/10.1007/978-1-4020-6137-0
‡yTexto completo
‡9CONS |
|---|
| 950 | | . |
‡aPhysics and Astronomy (Springer-11651) |
|---|
| 901 | | . |
‡a13175
‡b
‡c13175
‡tbiblio
‡sSystem Local |
|---|